Normal view MARC view
  • San Luis Potosí

Entry Nombre Geográfico

Number of records used in: 16

001 - NÚMERO DE CONTROL

  • campo de control: 22621

003 - IDENTIFICADOR DE NUMERO DE CONTROL

  • campo de control: MX-MxUPN

005 - FECHA Y HORA DE LA ÜLTIMA TRANSACCIÓN

  • campo de control: 20231114154904.0

008 - DATOS DE LONGITUD FIJA

  • campo de control de longitud fija: 231114n||acnnnbabn | ana |d

035 ## - NÚMERO DE CONTROL

  • Número de control: UPN10000022630

040 ## - FUENTE DE CATALOGACIÓN

  • Agencia de transcripción: MX-MxUPN
  • Lenguaje de catalogación: spa
  • Agencia de catalogación original: MX-MxUPN

053 #4 - NÚMERO DE CLASIFICACIÓN LC

  • Elemento de número de clasificación-número único o número de inicio de tramo: F1336

151 ## - ENCABEZAMIENTO - NOMBRE GEOGRÁFICO

  • Nombre geográfico: San Luis Potosí
  • Subdivisión general : Historia

670 ## - FUENTE EN LA QUE SE LOCALIZARON DATOS

  • Cita de la fuente: E

902 ## - CATALOGADOR

  • Catalogador: MEEG/250996